<?xml version="1.0" encoding="UTF-8"?>
<record
    xmlns:xsi="http://www.w3.org/2001/XMLSchema-instance"
    xsi:schemaLocation="http://www.loc.gov/MARC21/slim http://www.loc.gov/standards/marcxml/schema/MARC21slim.xsd"
    xmlns="http://www.loc.gov/MARC21/slim">

  <leader>01257nam a22001577a 4500</leader>
  <datafield tag="999" ind1=" " ind2=" ">
    <subfield code="c">520632</subfield>
    <subfield code="d">520632</subfield>
  </datafield>
  <controlfield tag="008">220928b           ||||| |||| 00| 0 eng d</controlfield>
  <datafield tag="100" ind1=" " ind2=" ">
    <subfield code="a">Kakati, Bhaskar Kumar</subfield>
    <subfield code="9">34604</subfield>
  </datafield>
  <datafield tag="245" ind1=" " ind2=" ">
    <subfield code="a">Gaon panchayat, tribal women and their participation: A case of Tiwas of Assam</subfield>
  </datafield>
  <datafield tag="260" ind1=" " ind2=" ">
    <subfield code="a">Indian Journal of Public Administration  </subfield>
  </datafield>
  <datafield tag="300" ind1=" " ind2=" ">
    <subfield code="a">68(2), Jun, 2022: p.285-298</subfield>
  </datafield>
  <datafield tag="520" ind1=" " ind2=" ">
    <subfield code="a">Panchayati Raj Institutions, the three-tier institutions of local self-governing institutions that stand at the bottom, are found in rural areas in all states of India except in the Sixth Schedule areas formed under the Indian Constitution. The genesis of India&#x2019;s local governance can be traced back to ancient times. However, these institutions got their present shape and structure after a series of reform studies resulted in several Acts and constitutional amendments. In this article, an attempt has been made to understand and analyse the impact of tribal women&#x2019;s participation in the local governing institutions among the Tiwas of Assam. &#x2013; Reproduced </subfield>
  </datafield>
  <datafield tag="650" ind1=" " ind2=" ">
    <subfield code="a">PRIs, Attendance, Party affiliation, Community affiliation, Patriarchy., Tribal development</subfield>
    <subfield code="9">33465</subfield>
  </datafield>
  <datafield tag="773" ind1=" " ind2=" ">
    <subfield code="a">Indian Journal of Public Administration  </subfield>
  </datafield>
  <datafield tag="906" ind1=" " ind2=" ">
    <subfield code="a">TRIBES - INDIA</subfield>
  </datafield>
  <datafield tag="942" ind1=" " ind2=" ">
    <subfield code="c">AR</subfield>
  </datafield>
  <datafield tag="952" ind1=" " ind2=" ">
    <subfield code="0">0</subfield>
    <subfield code="1">0</subfield>
    <subfield code="2">ddc</subfield>
    <subfield code="4">0</subfield>
    <subfield code="7">0</subfield>
    <subfield code="9">394689</subfield>
    <subfield code="a">IIPA</subfield>
    <subfield code="b">IIPA</subfield>
    <subfield code="d">2022-09-28</subfield>
    <subfield code="h">68(2), Jun, 2022: p.285-298</subfield>
    <subfield code="p">AR127215</subfield>
    <subfield code="r">2022-09-28</subfield>
    <subfield code="y">AR</subfield>
  </datafield>
</record>
